000 00477nmm a2200157Ia 4500
008 251105s9999||||xx |||||||||||||||||und||
020 _a9789587411447
041 _aspa
100 _aPáez Casadiegos, Yidy
245 0 _aEpifanía y etiología. Ensayos sobre religiosidad griega
264 _a[Bogotá, Colombia] :
_bUniversidad del Norte,
_c2011
300 _a202 páginas
650 _aMythology
856 _uhttps://public.digitaliapublishing.com/a/13642
942 _cCF
999 _c95899
_d95899